| 000 | 00557pam a2200193 a 4500 | ||
|---|---|---|---|
| 020 | _c995.00 | ||
| 040 | _aMedical College Libr | ||
| 041 |
_aENG _hENG |
||
| 082 |
_a616.89 _bSAY |
||
| 100 | _aSayette , Michael A. . | ||
| 245 |
_aInsider`s Guide to Graduate Programs in Clinical and Counseling Psychoogy / _c _hTextual Documents |
||
| 260 |
_a : _bThe Guilford Press , _c1998. |
||
| 300 |
_a226 ; _c |
||
| 365 | _a995.00 | ||
| 653 |
_aPsychiatry _aMedical Science |
||
| 930 | _a7555 | ||
| 999 |
_c7554 _d7554 |
||